00566 a2200121 4500082001000000100003200010245014500042260008100187300003400268500005300302700003200355856005700387 aBEE-4 aMuhammad Waqas, Saad Hassan aDesign, simulation & development of X-band microstrip planar/linear phased array antenna [Project Report BEE-4]cMuhammad Waqas, Saad Hassan aIslamabadbNUST School of Electrical Engineering and Computer Sciencec2011. a80p.b;ill.c:27cm. +eCD-ROM aSupervisors: Mr. Muhammad Bilal, Mr. Yasir Iqba. aMuhammad Waqas, Saad Hassan uhttp://10.250.8.41:8080/xmlui/handle/123456789/10856